000 00686nam a2200229 a 4500
999 _c569
_d569
001 569
003 BD-JhCC
005 20171012091156.0
008 500101r19551947enk 000 0 eng d
035 _aOCLC ocm27634614 from D950901M
_a(BD-JhCC) 569
040 _aBUQ
_cBUQ
_dEQO
_dBD-JhCC
041 _aeng
082 _a420.7
_bGLA 1955
100 1 _aGlassey, Stanley Churchill.
245 1 0 _aThrough speech to writing /
_cStanley Churchill Glassey
260 _aOxford :
_bClarendon Press,
_c1947 [Reprinted 1955]
300 _a160 p. : volume 1
_c18 cm.
650 _aEnglish language
_xStudy and teaching
650 _aEnglish language
_xWriting
942 _2ddc
_cBK